000 02920nam a2200469 cb4500
999 _c347465
_d347465
003 BLK
005 20250520102624.0
008 180411b bul|||||r ||||||| ||bul||
010 _aKNG00184807000
020 _a9786199093429
040 _aBLK
041 _aBUL
_cBUL
072 7 _2bullib
_aН84
_xБългарска художествена литература Н
080 _aБългарска литература
_b821.163.2
_x(081.1)
_z821.163.2(081)
080 _aБългарска литература
_b821.163.2
_x-2
_z821.163.2-2
100 _9429765
_aРадичков, Йордан Димитров
_d1929-2004
139 _aРадичков, Йордан Димитров
_bР 14
245 1 0 _aСъбрани съчинения
_bВ 12 т. : Т. 9 - пиеси
_cЙордан Радичков ; състав., комент., бел., показалци Инна Иванова Пелева ; ред. кол. Инна Пелева ... [и др.]
_nТ. 9
_pПиеси
257 _aBGR
260 _c2018 -
_fСофия : Издателство "Нике"
300 _c24 см
380 _aX
500 _aСъдържа: Суматоха ; Януари ; Лазарица ; Опит за летене ; Кошници ; Образ и подобие ; Нова Библия ; Желязното момче ; Добродушните смокове. - Други ред.: Боян Биолчев, Мария Младенова, Джузепе дел Агата, Мари Врина, Иванка Гезенко, Роза Радичкова Възприетата форма на името на ред. Джузепе дел Агата е Джузепе Дел'Агата, на Мари Врина е Мари Врина-Николов. - Пълната форма на името на ред. Роза Радичкова е Розалия Йорданова Радичкова. - Драматургът Йордан Радичков / Инна Пелева: с. 419-480. - Именен показалец, топогр. показалец, показалец на редките думи
659 _aН
700 1 _aПелева, Инна Иванова
_eсъстав., комент. и бел.
_9371213
700 _aПаунов, Виктор Вертер
_eхудож.
_9371567
760 1 _aРадичков, Йордан Димитров
_dНИКЕ, 2018
_h511 с.
_tТ. 9 Пиеси
852 _bП
_cП 886.7(081)/Р 14
856 4 _qpdf
_i0.00
_ldisable
856 4 _qpdf
_i0.00
_ldisable
942 _cKNG
_n0
_s1
_020
944 _aCR
_c12.11.2015
_k30535
_lХристина Везирева
944 _aED
_c09.06.2016
_kСимона_Петрова
944 _aED
_c2019-12-30
_kМикаела Микова - Илиева
999 _d347465
999 _d347465
999 _d347465
999 _d347465
999 _d347465
999 _d176202
999 _d176202